| 000 | 00542nam a22001933 4500 | ||
|---|---|---|---|
| 001 | 75896 | ||
| 005 | 20260316122124.0 | ||
| 010 | _a978-3-12-674942-8 | ||
| 090 | _a75896 | ||
| 100 | _a20260316d2025 m||y0pory50 ba | ||
| 101 | 0 | _ager | |
| 102 | _aDE | ||
| 200 | 1 |
_aDas fussballturnier _e _fAngelika Allmann |
|
| 210 |
_aStuttgart _cErnst Klett Sprachen _d2025 |
||
| 215 |
_a56 p. _cil., color |
||
| 606 |
_92081 _aLiteratura estrangeira |
||
| 606 |
_91937 _aLnĖgua alem |
||
| 675 |
_a85 _zger |
||
| 942 |
_cMON _n0 |
||